000 00498nam a2200169 i 4500
001 149949
003 ES-MaACL
005 20230906203324.0
007 t|
008 071025s1967 sp ||||1| spa d
100 1 _aVander, Adrianus.
_9113059
245 1 0 _aFuente de juventud
_b: hormonas, elixires de vida /
_cA. Vander.
260 _aBarcelona :
_bSintes,
_c1967.
300 _a184 p., 31 lám. ;
_c18 cm.
650 4 _aGlándulas endocrinas.
_9166047
852 _aES-MaACL
_jC-32191
_bR.62974
999 _c149949
_d149949